000 01672nam0a2200325 4500
001 RU\NLR\bibl\1893338
005 20240726061759.0
020 _aRU
_b10-21778
_9Летопись авторефератов диссертаций
021 _aRU
_b2011-17570а
_9703аа
035 _a(NLR Aleph) 001883014
090 _a2816711
_c2816711
100 _a20111129d2011 u u0rusy50 ca
101 0 _arus
102 _aRU
105 _ay dm |||||
200 1 _aКонцептуальные структуры в художественном тексте: объективация, интериоризация, трансформация
_e(на материале романа Д.Брауна "Код да Винчи")
_eавтореферат диссертации на соискание ученой степени кандидата филологических наук
_eспециальность 10.02.04 <Германские языки>
_fТрубаева Елена Игоревна
_g[Белгор. гос. нац. исслед. ун-т]
210 _aБелгород
_d2011
215 _a22 с.
_cил.
_d21
320 _aБиблиогр.: с. 21-22 (10 назв.)
675 _a811.511
_v3
_zrus
686 _a81.2Англ
_2rubbk
686 _a10.02.04
_2oksvnk
700 1 _aТрубаева
_bЕ. И.
_gЕлена Игоревна
_4070
801 0 _aRU
_bRKP
_c20111129
_gPSBO
801 1 _aRU
_bRKP
_c20111129
801 2 _aRU
_bNLR
_c20120416
_grcr
901 _eАвторефераты
942 _cBOOK
981 1 0 _a(10) Авторефераты